computer graphics for the IBM PC (Record no. 14041)

MARC details
000 -LEADER
fixed length control field 00221nam a22001097a 4500
082 ## - DEWEY DECIMAL CLASSIFICATION NUMBER
Classification number 006.6AMM
100 ## - MAIN ENTRY--AUTHOR NAME
Personal name Ammeraal
245 ## - TITLE STATEMENT
Title computer graphics for the IBM PC
260 ## - PUBLICATION, DISTRIBUTION, ETC. (IMPRINT)
Place of publication N.Y
Year of publication 1987
300 ## - PHYSICAL DESCRIPTION
Number of Pages 141
942 ## - ADDED ENTRY ELEMENTS (KOHA)
Koha item type Books
Holdings
Withdrawn status Lost status Home library Current library Date acquired Cost, normal purchase price Full call number Accession Number Koha item type
    Central Library, QUEST, Nawabshah Central Library, QUEST, Nawabshah 15/09/2015 396.00 006.6AMM 11796 Books